000 00700nam a2200289Ia 4500
005 20260324143715.0
008 008 260324s9999 xx 000 0 eng d
020 _a9780429315008
037 _aEBOOK
040 _aCRL
040 _beng
040 _cCRL
041 _2eng
041 _aeng
084 _qCRL
100 _aDiane L Parness
_91216628
245 4 _aThe Spd And The Challenge Of Mass Politics
245 4 _bThe Dilemma Of The German Volkspartei
260 _bTaylor and Francis
260 _c1991
365 _a
365 _b230
856 _uhttp://www.taylorfrancis.com/books/9780429315008
942 _cEBOOK
999 _c1822341
_d1822341